mysqli: Table './ulib62015/stat_globaluid' is marked as crashed and should be repaired
select id from stat_globaluid where statuid='20260517142726_361'
mysqli: Table './ulib62015/stat_globaluid' is marked as crashed and should be repaired
DELETE FROM stat_globaluid
WHERE id NOT IN (
SELECT id
FROM (
SELECT id
FROM stat_globaluid
ORDER BY id DESC
LIMIT 100
) foo
);
mysqli: Table './ulib62015/stat_globaluid' is marked as crashed and should be repaired
insert into stat_globaluid set
statuid='20260517142726_361',
dt='1779002846',
phpself='/ULIB62015/dublinfull.php',
agent='Mozilla/5.0 AppleWebKit/537.36 (KHTML, like Gecko; compatible; ClaudeBot/1.0; +claudebot@anthropic.com)',
yea='2026',
mon='5',
dat='17',
ip='216.73.216.45'
mysqli: Table './ulib62015/stathist_viewbib_bib_type' is marked as crashed and should be repaired
insert into stathist_viewbib_bib_type set
dat='17' ,
mon='05' ,
yea='2026' ,
statuid='20260517142726_361' ,
head='13399107896' ,
foot='marc' ,
dt='1779002846'
| LEADER : 00000nam 2200000uu 4500 |
| 001 13399107896 |
| 003 ULIB |
| 008 110221s||||||||th 000 0 tha d |
| 020 974-294-100-9
|
| 050 4 RT98^bม435 2544
|
| 245 00 มาตรฐานการพยาบาลในชุมชน /^cบรรณาธิการ ส่งศรีกิตติรักษ์ตระกูล, สารา วงษ์เจริญ, ศิริมา ลีละวงศ์ ; ผู้เรียบเรียง ส่งศรี กิตติรักษ์ตระกูล ... [และคนอื่น ๆ]
|
| 250 ฉบับปรับปรุงครั้งที่ 2
|
| 260 [กรุงเทพฯ] :^bกองการพยาบาล สำนักงานปลัดกระทรวงสาธารณสุข,^c2544
|
| 300 155 หน้า
|
| 650 7 การพยาบาล
|
| 700 0 ส่งศรี กิตติรักษ์ตระกูล
|
| 700 0 สารา วงษ์เจริญ,^eบรรณาธิการ
|
| 700 0 ศิริมา ลีละวงศ์,^eบรรณาธิการ
|
| 710 2 กระทรวงสาธารณสุข.^bกองการพยาบาล
|
| 945 ^p0^l0^i014331 |
| 999 ^aบรรณารักษ์
|
| คุณยังไม่ได้ล็อกอิน คุณสามารถมีกิจกรรมร่วมกับเว็บไซต์ได้ แต่ต้องล็อกอินก่อน :: |
|
|
|
| ลำดับที่ |
ประเภท |
เลขเรียก/บาร์โค้ด |
สถานที่ |
สถานะ |
| 1. |
 หนังสือ | RT98 ม435 2544 Barcode: 014331 | หนังสือทั่วไป | บนชั้น ขอยืม |
รายการใกล้เคียง
หัวเรื่อง [การพยาบาล]
|
|
ยังไม่เคยถูกคอมเมนท์
|
| คอมเมนท์ทรัพยากรรายการนี้ |
|